Obálka Náhled e-knihy:
PDF Epub
Pro půjčování e-knih musíte být přihlášeni.
Jak si půjčit online?

Někdo jako ty /

Začátek romantické Young Adult série pro dívky, ve které se šestnáctiletá Mila musí vyrovnat s první láskou i s rodinnými problémy.

Uloženo v:
Série:Mila, část 1
Hlavní autor: Maskame, Estelle, 1997- (Autor)
Další autoři: Kubešová, Pavla, 1969- (Autor)
Médium: E-kniha
Jazyk:Czech
Vydáno: V Praze : Fragment, 2022
Vydání:1. vydání
Témata:
Příbuzné jednotky:Z cyklu:: Mila
Tagy:
Žádné tagy
LEADER 02797cam a2200505 i 4500
001 311517
003 CZ PrSKC
005 20260601215707.0
007 ta
008 220407s2022 xr d 000 f cze d
015 |a cnb003407309 
020 |a 9788025356456  |q (brožováno) :  |c Kč 369,00 
035 |a (OCoLC)1329408522 
040 |a TUG001  |b cze  |d UOG001  |d ABG001  |e rda 
041 1 |a cze  |h eng 
072 7 |a 821.111-3  |x Anglická próza, anglicky psaná  |2 Konspekt 
072 7 |a 821-93  |x Literatura pro děti a mládež (beletrie)  |2 Konspekt 
080 |a 821.111(410.5)-31  |2 MRF 
080 |a 821-93  |2 MRF 
080 |a (0:82-31)-055.25  |2 MRF 
100 1 |a Maskame, Estelle,  |d 1997-  |7 xx0214016  |4 aut 
240 1 0 |a Becoming Mila.  |l Česky 
245 1 0 |a Někdo jako ty /  |c Estelle Maskame ; z anglického originálu Becoming Mila ... přeložila Pavla Kubešová 
250 |a 1. vydání 
264 1 |a V Praze :  |b Fragment,  |c 2022 
300 |a 284 stran ;  |c 21 cm 
336 |a text  |b txt  |2 rdacontent 
337 |a bez média  |b n  |2 rdamedia 
338 |a svazek  |b nc  |2 rdacarrier 
520 2 |a Začátek romantické Young Adult série pro dívky, ve které se šestnáctiletá Mila musí vyrovnat s první láskou i s rodinnými problémy.  |b Šestnáctiletá Mila žije v LA s mámou a tátou, slavným filmovým hercem. Když před premiérou jeho nového trháku vyvolá rozruch po celém městě, rozhodnou se ji rodiče uklidit přes tři tisíce kilometrů daleko k její tetě a dědovi do Tennessee. Mila z toho není nadšená, a záhy po příjezdu se pohádá s Blakem, synem starostky Nashvillu. Ten také moc dobře ví, co obnáší život s veřejně známým rodičem, takže toho mají možná společného víc, než si chtějí přiznat. Nakladatelská anotace. 
521 8 |a Pro čtenáře od 14 let 
655 7 |a skotské romány (anglicky)  |7 fd133439  |2 czenas 
655 7 |a dívčí romány  |7 fd132186  |2 czenas 
655 7 |a publikace pro mládež  |7 fd133157  |2 czenas 
655 9 |a Scottish fiction (English)  |2 eczenas 
655 9 |a juvenile literature  |2 eczenas 
655 9 |a girls' novels  |2 eczenas 
700 1 |a Kubešová, Pavla,  |d 1969-  |7 xx0039531  |4 trl 
787 0 8 |i Z cyklu:  |t Mila  |g 1  |w 44551733-b6a2-5687-8666-97196e61d02a 
900 |a ABA001  |b 21 
928 9 |a Albatros Media - Fragment 
044 |a xr 
910 |a RBIT002 
998 |d 347810  |a https://core.palmknihy.cz/api/books/347810/cover?si6cqf  |b https://core.palmknihy.cz/api/books/347810/cover/400?si6cqf  |c https://core.palmknihy.cz/api/books/347810/cover/50?si6cqf  |e 2028-03-01  |g 288  |i 9788025356456  |j https://core.palmknihy.cz/api/books/347810/preview.epub  |k https://core.palmknihy.cz/api/books/347810/preview.pdf  |l   |q 49  |r 1  |s https://www.palmknihy.cz/kniha/347810  |t ebook  |y 2022  |z 0  |v Někdo jako...  |w 1 
999 |d 311515